EU Members - Sudden Death - Statistics

General Stats
  • This quiz has been taken 340 times
  • The average score is 15 of 27
Answers on the Grid
Answers color-coded by a green-red scale on the quiz's grid according to % correct below.
Albania
Germany
Andorra
Austria
Belgium
Belarus
Bulgaria
Cyprus
Croatia
Denmark
Spain
Estonia
Finland
France
Greece
Hungary
Ireland
Iceland
Italy
Latvia
Liechtenstein
Lithuania
Luxembourg
North Macedonia
Malta
Moldova
Monaco
Montenegro
Norway
The Netherlands
Poland
Portugal
Czech Republic
Romania
United-Kingdom
Russia
San Marino
Serbia
Slovackia
Slovenia
Sweden
Switzerland
Turkey
Ukraine
Vatican
 
Answer Stats
Answer % Correct
Germany
93%
Spain
77%
Belgium
75%
France
75%
Austria
66%
Denmark
66%
Ireland
64%
Italy
64%
Greece
62%
Croatia
57%
Hungary
57%
Estonia
53%
Finland
52%
The Netherlands
52%
Bulgaria
51%
Poland
49%
Portugal
49%
Latvia
46%
Lithuania
46%
Luxembourg
46%
Cyprus
44%
Sweden
43%
Czech Republic
41%
Malta
38%
Slovenia
36%
Romania
34%
Slovackia
32%
No matching quizzes found
Score Distribution
Percent of People with Each Score
Percentile by Number Answered
Your Score History
You have not taken this quiz